Alemania é Italia en 1866 (Record no. 154005)

MARC details
000 -LEADER
campo de control de longitud fija 01667nam a2200301 i 4500
001 - NÚMERO DE CONTROL
campo de control 154005
003 - IDENTIFICADOR DE NÚMERO DE CONTROL
campo de control ES-MaACL
005 - FECHA Y HORA DE LA ÚLTIMA TRANSACCIÓN
campo de control 20251103200631.0
008 - DATOS DE LONGITUD FIJA--INFORMACIÓN GENERAL
campo de control de longitud fija 960520s1867 sp bc |||| | spa d
040 ## - FUENTE DE CATALOGACIÓN
Centro catalogador/agencia de origen CARM
Lengua de catalogación spa
Centro/agencia transcriptor CCPB | SIC
100 1# - ENTRADA PRINCIPAL--NOMBRE DE PERSONA
Nombre de persona Fabra, Nilo María,
Fechas asociadas al nombre 1841-1903
9 (RLIN) 48523
245 10 - MENCIÓN DEL TÍTULO
Título Alemania é Italia en 1866
Resto del título : apuntes para un libro con datos, noticias y documentos sobre la guerra de dicho año recogidos en el teatro de la misma /
Mención de responsabilidad, etc. por Nilo Maria Fabra.
250 ## - MENCION DE EDICION
Mención de edición [1ª ed. española
Resto de la mención de edición bajo la dirección de Joaquin Maldonado.
260 ## - PUBLICACIÓN, DISTRIBUCIÓN, ETC.
Lugar de publicación, distribución, etc. Madrid :
Nombre del editor, distribuidor, etc. Rubio y Compañia,
Fecha de publicación, distribución, etc. 1867 (
Fabricante Imprenta a cargo de J.E. Morete,
Fecha de fabricación/manufactura 1868)
300 ## - DESCRIPCIÓN FÍSICA
Extensión VIII, 95 p., [4] h. de lám., [1] h. de map. ;
Dimensiones 34 cm.
490 1# - MENCIÓN DE SERIE
Mención de serie Colección de historias y memorias contemporáneas / dirigida y adicionada por César Cantú ;
Designación de volumen o secuencia 3
599 #1 - NOTA A LAS ILUSTRACIONES
NOTA A LAS ILUSTRACIONES Las h. de lám. son retratos de Guillermo I de Prusia, el conde Bismark, el vicealmirante Tegethoff y Victor Manuel de Italia: "Llanta dib. y li. Lit. de Rubio, Grilo y Vitturi", "Lettre dib. y lit. Lit. de Rubio y Comp.
599 ## - NOTA A LAS ILUSTRACIONES
NOTA A LAS ILUSTRACIONES Mapa de Italia "A. Ronchi y Cia. editores , Madrid 1866"
651 #4 - PUNTO DE ACCESO ADICIONAL DE MATERIA--NOMBRE GEOGRÁFICO
Nombre geográfico Alemania-
Subdivisión general Historia-
Subdivisión cronológica S. XIX.
9 (RLIN) 7665
651 #4 - PUNTO DE ACCESO ADICIONAL DE MATERIA--NOMBRE GEOGRÁFICO
Nombre geográfico Italia-
Subdivisión general Historia-
Subdivisión cronológica 1849-1870.
9 (RLIN) 8869
700 1# - ENTRADA AGREGADA--NOMBRE PERSONAL
Nombre de persona Cantù, Cesare,
Fechas asociadas al nombre 1804-1895
9 (RLIN) 34697
700 1# - ENTRADA AGREGADA--NOMBRE PERSONAL
Nombre de persona Maldonado Macanaz, Joaquín,
Fechas asociadas al nombre 1833-1901
9 (RLIN) 75733
700 1# - ENTRADA AGREGADA--NOMBRE PERSONAL
Nombre de persona Llanta y Guerin, Santiago,
Fechas asociadas al nombre fl. 1866-1872
9 (RLIN) 128999
830 00 - PUNTO DE ACCESO ADICIONAL DE SERIE-TÍTULO UNIFORME
Título uniforme Colección de historias y memorias contemporáneas
Designación de volumen o secuencia 3
9 (RLIN) 187832
852 ## - LOCALIZACIÓN
Ubicación ES-MaACL
Número de control de estantería C-1786(1)
Nota libre -- Enc. hol.
852 ## - LOCALIZACIÓN
Ubicación ES-MaACL
Número de control de estantería T-653-F-2
condición física .- Falta el mapa y la anteportada
Holdings
Estatus retirado Estado de pérdida Estado de daño No para préstamo Colección Biblioteca de origen Biblioteca actual Ubicación en estantería Fecha de adquisición Fuente de adquisición Total de préstamos Signatura topográfica completa Código de barras Visto por última vez Precio de reemplazo Tipo de ítem Koha
        Colección de folletos Biblioteca del Ateneo de Madrid Biblioteca del Ateneo de Madrid Depósito folletos 10/09/2013     T-653-F-2 1191800 23/02/2023 23/02/2023 Folleto
        Libros del s. XIX Biblioteca del Ateneo de Madrid Biblioteca del Ateneo de Madrid Galería 17/01/2008     C-1786(1) 1161026 23/02/2023 23/02/2023 Libro impreso antiguo